Diagrama de flujo (Registro nro. 4631)

Detalles MARC
000 -LEADER
fixed length control field 00945 a2200217 4500
001 - CONTROL NUMBER
control field 48563
005 - DATE AND TIME OF LATEST TRANSACTION
control field 20260407155750.0
008 - FIXED-LENGTH DATA ELEMENTS--GENERAL INFORMATION
fixed length control field 260407a1978 arg spa d
003 - CONTROL NUMBER IDENTIFIER
control field AR-UNSa-BCEJYS
040 ## - CATALOGING SOURCE
Original cataloging agency AR-UNSa-BCEJYS
Language of cataloging spa
Transcribing agency AR-UNSa-BCEJYS
080 ## - UNIVERSAL DECIMAL CLASSIFICATION NUMBER
Universal Decimal Classification number 004.04
Common auxiliary subdivision Orientación del proceso (diagramas de flujo)
100 1# - MAIN ENTRY--PERSONAL NAME
Personal name Stern, Nancy B.
245 10 - TITLE STATEMENT
Title Diagrama de flujo
Name of part/section of a work manual de logica para computadoras
264 #1 - PRODUCTION, PUBLICATION, DISTRIBUTION, MANUFACTURE, AND COPYRIGHT NOTICE
Place of production, publication, distribution, manufacture México :
Name of producer, publisher, distributor, manufacturer Limusa
Date of production, publication, distribution, manufacture, or copyright notice 1978
300 ## - PHYSICAL DESCRIPTION
Extent 362 p.
Dimensions 26 cm.
505 ## - FORMATTED CONTENTS NOTE
Formatted contents note 1. ¿Por qué estudiar sobre las computadoras? - 2. Elementos de los diagramas de flujo - 3. Problemas con procedimientos más complejos - 4. Procesos aritméticos - 5. Procedimientos de programación comunes - 6. Tablas y revisiones de tablas - 7. Simbolizar en diagrama de flujo y otras tareas de programación.
590 ## - LOCAL NOTE (RLIN)
Local note niveau_biblio:m niveau_hierar:0
700 1# - ADDED ENTRY--PERSONAL NAME
Personal name Lara Ruiz, Fernando
700 1# - ADDED ENTRY--PERSONAL NAME
Personal name Perez Segui, Enrique
942 ## - ADDED ENTRY ELEMENTS (KOHA)
Koha item type
Existencias
Withdrawn status Lost status Damaged status Not for loan Home library Current library Shelving location Date acquired Total checkouts Full call number Barcode Date last seen Price effective from Koha item type
        Biblioteca Prof. Eusebio Cleto del Rey Biblioteca Prof. Eusebio Cleto del Rey   07/04/2026   004.04 S839 L28692 07/04/2026 07/04/2026 Libro
        Biblioteca Prof. Eusebio Cleto del Rey Biblioteca Prof. Eusebio Cleto del Rey   07/04/2026   004.04 S839 L28693 07/04/2026 07/04/2026 Libro
        Biblioteca Prof. Eusebio Cleto del Rey Biblioteca Prof. Eusebio Cleto del Rey   07/04/2026   004.04 S839 L28694 07/04/2026 07/04/2026 Libro